000 00540nam a2200157Ia 4500
005 20250424120322.0
008 250424s9999 xx 000 0 und d
022 _a19390114
050 _aTK 5105.59 .S4388/
245 0 _aSecurity and communication networks
260 _bJohn Wiley & Sons, Ltd.
260 _c2010
300 _a98 cm. ; 26 cm.
650 _aElectrical and Electronic Engineering--Periodicals. Computer networks--Security measures--Periodicals. Computer security--Periodicals. Cryptography--Periodicals.
942 _cSR
999 _c38637
_d38637